Controles? : guia d'orientació per a les famílies : exposició sobre els riscos de les drogues i com prevenir-ne el consum guia d'orientació per a les famílies :
Descripción Física:
11 p. ; 20 cm
Materias:
Drogoaddicció -- Prevenció
MARC
| LEADER | 00000nam a2200000Ia 4500 | ||
|---|---|---|---|
| 001 | 23644 | ||
| 008 | 160829s2012 xx 000 0 cat d | ||
| 080 | |a FU-61-78 | ||
| 245 | |a Controles? : |b guia d'orientació per a les famílies : |b exposició sobre els riscos de les drogues i com prevenir-ne el consum | ||
| 260 | |a Barcelona : |b Diputació de Barcelona. Àrea d'Atenció a les Persones, |c 2012 | ||
| 300 | |a 11 p. ; |c 20 cm | ||
| 650 | 0 | |a Drogoaddicció |x Prevenció |9 49573 | |
| 710 | 1 | |a Barcelona (Catalunya : Província). |b Centre de Prevenció i Intervenció en Drogodependències SPOTT |9 52862 | |
| 710 | |a Barcelona (Catalunya : Província). |b Àrea d'Atenció a les Persones |9 52421 | ||
| 901 | |a Arxiu | ||
| 942 | |n 1 | ||
| 952 | |0 0 |1 0 |4 0 |6 FU6178 |7 1 |9 55449 |a Arxiu |b Arxiu |d 2016-12-01 |l 0 |o FU-61-78 |p 23644 |r 2016-12-01 00:00:00 |w 2016-12-01 |y ARXIU | ||
| 999 | |c 59322 |d 59322 | ||